Marcus bez Loeba suverénny víťaz Rally Turecka

Bibliographic Details
Main Author: Kríž, Peter (Author)
Format: Article
Language:Slovak
PhysicalDescription:Fotogr., tab.
ISSN:1335-0730
Subjects:

MARC

LEADER 00000nab a2200000 ar4500
001 vtls008872216
003 SK-MaSNL
005 20260303061619.0
008 061102c2006 xo wr|p|||||||000 b|slo
015 |a SNBRB2006/11  |2 snkbucl 
038 |a SNKBUCL 
040 |a SNKBUCL  |b slo  |c SNKBUCL  |e AACR2 
041 0 |a slo 
044 |a xo  |c SK 
080 |a 796.71.093.1  |2 UDC-MRF-SK2 
100 1 |a Kríž, Peter  |4 aut  |9 856749 
245 1 0 |a Marcus bez Loeba suverénny víťaz  |b Rally Turecka  |c Peter Kríž 
300 |b Fotogr., tab. 
611 2 7 |a Rally Turecka  |d (2006)  |2 snkbucl  |9 1056110 
650 0 7 |a automobilizmus  |2 snkbucl  |9 13242 
773 0 |t Stop  |g Roč. XXXVI, č. 21 (2006), s. 49  |x 1335-0730 
852 |a SNK  |b KIS3GCP 
999 |c 1736062  |d 1737992